00445nam a2200121Ia 4500008004100000024006000041082001900101100008000120245003800200260002600238600002100264650003800285260210s9999 xx 000 0 und d a15B-013-BS, 15B-054-BS, 15B-032-BS & 15B-039-BS a005.191072 FAR aM. Farrukh Sheikh, Bilawal Shaikh, Hafiz Yasir Iqbal & Hamza Bilal Gaya 0aSocial Welfare System (CODE BOOK) aKarachi:bUITU,c2015 aComputer Science aBachelor of Computer Science (BS)